000 00338nam a2200145 i 4500
001 bg
100 1 _aJEZIERSKI, Grzegorz
245 0 _aRadiografia przemysłowa /
_cGrzegorz Jezierski.
260 _aWarszwawa,
_c1993.
040 _cBPK
041 _apol
080 _a621.386
942 _cKS
008 s pl f |000 0 pol
999 _c5519
_d5519
856 _uhttp://koha.tu.koszalin.pl/cgi-bin/koha/opac-detail.pl?biblionumber=5519
_yKatalog online BPK